Fundamentals of nursing : (Record no. 10908)
[ view plain ]
| 000 -LEADER | |
|---|---|
| fixed length control field | 02696cam a22004694a 4500 |
| 001 - CONTROL NUMBER | |
| control field | 15030276 |
| 005 - DATE AND TIME OF LATEST TRANSACTION | |
| control field | 20080807135612.0 |
| 007 - PHYSICAL DESCRIPTION FIXED FIELD--GENERAL INFORMATION | |
| fixed length control field | co ugu|||||||| |
| 008 - FIXED-LENGTH DATA ELEMENTS--GENERAL INFORMATION | |
| fixed length control field | 070928s2009 paua b 001 0 eng |
| 010 ## - LIBRARY OF CONGRESS CONTROL NUMBER | |
| LC control number | 2007040635 |
| 016 7# - NATIONAL BIBLIOGRAPHIC AGENCY CONTROL NUMBER | |
| Record control number | 101317536 |
| Source | DNLM |
| 020 ## - INTERNATIONAL STANDARD BOOK NUMBER | |
| International Standard Book Number | 9780781780230 |
| 020 ## - INTERNATIONAL STANDARD BOOK NUMBER | |
| International Standard Book Number | 0781780233 |
| 035 ## - SYSTEM CONTROL NUMBER | |
| System control number | (OCoLC)ocn173659664 |
| 035 ## - SYSTEM CONTROL NUMBER | |
| System control number | (OCoLC)173659664 |
| Canceled/invalid control number | (OCoLC)154806845 |
| 040 ## - CATALOGING SOURCE | |
| Original cataloging agency | DNLM/DLC |
| Transcribing agency | DLC |
| Modifying agency | NLM |
| -- | BTCTA |
| -- | BAKER |
| -- | C#P |
| -- | YDXCP |
| -- | VAM |
| -- | DLC |
| 042 ## - AUTHENTICATION CODE | |
| Authentication code | pcc |
| 050 00 - LIBRARY OF CONGRESS CALL NUMBER | |
| Classification number | RT41 |
| Item number | .C86 2009 |
| 060 00 - NATIONAL LIBRARY OF MEDICINE CALL NUMBER | |
| Classification number | 2008 D-938 |
| 060 10 - NATIONAL LIBRARY OF MEDICINE CALL NUMBER | |
| Classification number | WY 100 |
| Item number | F97988 2009 |
| 082 00 - DEWEY DECIMAL CLASSIFICATION NUMBER | |
| Classification number | 610.73 |
| Edition number | 22 |
| Item number | FUN NR |
| 245 00 - TITLE STATEMENT | |
| Title | Fundamentals of nursing : |
| Remainder of title | Human health and function / |
| Statement of responsibility, etc | [edited by] Ruth F. Craven, Constance J. Hirnle ; 49 contributors. |
| 250 ## - EDITION STATEMENT | |
| Edition statement | 6th ed. |
| 260 ## - PUBLICATION, DISTRIBUTION, ETC. (IMPRINT) | |
| Place of publication, distribution, etc | Philadelphia : |
| Name of publisher, distributor, etc | Wolters Kluwer Health/Lippincott Williams & Wilkins, |
| Date of publication, distribution, etc | c2009. |
| 300 ## - PHYSICAL DESCRIPTION | |
| Extent | xxxviii, 1513 p. : |
| Other physical details | col. ill. ; |
| Dimensions | 29 cm. + |
| Accompanying material | 1 CD-ROM (4 3/4 in.) |
| 504 ## - BIBLIOGRAPHY, ETC. NOTE | |
| Bibliography, etc | Includes bibliographical references and index. |
| 650 #0 - SUBJECT ADDED ENTRY--TOPICAL TERM | |
| Topical term or geographic name as entry element | Nursing. |
| 9 (RLIN) | 8557 |
| 650 12 - SUBJECT ADDED ENTRY--TOPICAL TERM | |
| Topical term or geographic name as entry element | Nursing. |
| 9 (RLIN) | 8558 |
| 650 22 - SUBJECT ADDED ENTRY--TOPICAL TERM | |
| Topical term or geographic name as entry element | Nursing Process. |
| 9 (RLIN) | 8559 |
| 700 1# - ADDED ENTRY--PERSONAL NAME | |
| Personal name | Craven, Ruth F. |
| 9 (RLIN) | 8560 |
| 700 1# - ADDED ENTRY--PERSONAL NAME | |
| Personal name | Hirnle, Constance J. |
| 9 (RLIN) | 8561 |
| 856 42 - ELECTRONIC LOCATION AND ACCESS | |
| Materials specified | Publisher description |
| Uniform Resource Identifier | <a href="http://www.loc.gov/catdir/enhancements/fy0801/2007040635-d.html">http://www.loc.gov/catdir/enhancements/fy0801/2007040635-d.html</a> |
| 856 41 - ELECTRONIC LOCATION AND ACCESS | |
| Materials specified | Table of contents only |
| Uniform Resource Identifier | <a href="http://www.loc.gov/catdir/enhancements/fy0837/2007040635-t.html">http://www.loc.gov/catdir/enhancements/fy0837/2007040635-t.html</a> |
| 942 ## - ADDED ENTRY ELEMENTS (KOHA) | |
| Source of classification or shelving scheme | Dewey Decimal Classification |
| Item type | Book - Borrowing |
| Withdrawn status | Item status | Source of classification or shelving scheme | Damaged status | Not for loan | Vendor | Home library | Current library | Shelving location | Date acquired | Source of acquisition | Cost, normal purchase price | Serial Enumeration / chronology | Total Checkouts | Total Renewals | Full call number | Barcode | Date last seen | Date last borrowed | Koha item type | Materials specified (bound volume or other part) |
|---|---|---|---|---|---|---|---|---|---|---|---|---|---|---|---|---|---|---|---|---|
| Dewey Decimal Classification | Academic Bookshop | Central Library | Central Library | First floor | 19/02/2009 | 300.00 | 328 | 46 | 26 | 610.73 FUN NR | 000014927 | 15/07/2025 | 29/02/2016 | Book - Borrowing | ||||||
| Dewey Decimal Classification | Academic Bookshop | Central Library | Central Library | First floor | 19/02/2009 | 300.00 | 328 | 52 | 43 | 610.73 FUN NR | 000014926 | 15/07/2025 | 01/08/2016 | Book - Borrowing | ||||||
| Lost | Dewey Decimal Classification | Academic Bookshop | Central Library | Central Library | First floor | 10/03/2009 | 300.00 | 4 | 610.73 FUN NR | 000015398 | 27/10/2010 | 25/10/2010 | CD | DVD - With book | Lost In Inventory_2015-8-23 | ||||||
| Dewey Decimal Classification | Academic Bookshop | Central Library | Central Library | First floor | 15/03/2009 | 300.00 | 8 | 610.73 FUN NR | 000014757 | 24/08/2022 | 16/10/2011 | CD | DVD - With book | ||||||||
| Dewey Decimal Classification | Academic Bookshop | Central Library | Central Library | First floor | 15/03/2009 | 300.00 | 26 | 2 | 610.73 FUN NR | 000014756 | 15/07/2025 | 22/12/2013 | NB - Book (Non borrowing) | |||||||
| Dewey Decimal Classification | Academic Bookshop | Central Library | Central Library | First floor | 31/03/2009 | Purchase | 300.00 | 6 | 610.73 FUN | 000043546 | 24/08/2022 | 07/03/2012 | CD | DVD - With book (NB) |